000 01407 a2200241 4500
001 59
005 20260407155406.0
008 260407a2006 arg spa d
003 AR-UNSa-BCEJYS
040 _aAR-UNSa-BCEJYS
_bspa
_cAR-UNSa-BCEJYS
080 _a657.312
_xTipo de presupuestos
245 1 0 _aPresupuesto y control de gestión
_puna herramienta para entes privados con o sin fines de lucro
020 _a978-987-1140-51-0
250 _a1a. ed
264 1 _aBuenos Aires :
_bOsmar D. Buyatti
_c2006
300 _a164 p.
_c23 cm.
505 _a1. Bases elementales para hacer un presupuesto - 2. Panorama general del programa - 3. Ventas y servicios - 4. Planificación y control de la producción - 5. Planificación y control de compras y utilización de materiales - 6. Planificación y control de los costos de mano de obra directa - 7. Planificación y control de gastos - 8. Planificación y control de desembolsos de capital - 9. Planificación y control de los flujos de efectivo - 10. Terminación y aplicación del plan de utilidades - 11. Determinación y análisis de los desvíos - 12. Comentarios referidos al control de gestión
041 _aspa
942 _cBK
590 _aniveau_biblio:m niveau_hierar:0
100 1 _aLeone, Eduardo César
856 4 1 _uhttps://biblioeco.unsa.edu.ar/pmb/images/libros/Presupuesto y control de Gestion-l116432.jpg
_yImagen de portada
_qimage/jpeg
999 _c44
_d44